Studia Iuridica Cassoviensia elektronický vedecký časopis

Na minha lista:
Detalhes bibliográficos
Formato: Periódico
Idioma:eslovaco
Publicado em: Košice Univerzita Pavla Jozefa Šafárika v Košiciach 2024
Tags: Adicionar Tag
Sem tags, seja o primeiro a adicionar uma tag!

MARC

LEADER 00000nas2a2200000 4500
001 0305534
005 20241210084437.3
022 |a 1339-3995 
041 0 |a slo 
044 |a SK 
245 1 0 |a Studia Iuridica Cassoviensia  |b elektronický vedecký časopis 
264 1 |a Košice  |b Univerzita Pavla Jozefa Šafárika v Košiciach  |c 2024 
773 0 |w eu_un_cat*0236127